000 00610nam a2200229Ia 4500
003 OSt
005 20221005115234.0
006 a|||||r|||| 00| 0
007 ta
008 221004b |||||||| |||| 00| 0 eng d
024 _a57916
037 _cTextual
040 _aCRL
_cCRL
_beng
041 _2eng
_aeng
082 _aV2:2:N5, H5
100 _aVenkatarangaiya M
245 0 _aCase for a constituent assembly for India
_b A historical and comparative study.
260 _c1945
650 _aHISTORY
942 _hV2:2:N5, H5
_cTEXL
_2cc
999 _c1033901
_d1033901